00828nam a22002177a 4500999001900000005001700019010001300036020002600049035001400075037001300089082001900102100002800121245011300149260004400262270007600306300002800382700002700410700001300437942003300450952012700483 c165532d16553220190621112759.0 aB-125694 a9789386223036c750.00 aEN-109226 bDBAD/PUB a597.9168095485 aRao, Madireddi V. Subba aRare and threatened limbless lizard, barkudia insularis, annandale/cby Madireddi V. Subba Rao [and] B.N Rao aDelhibB.R Publishing Corporationc2017 a425, Nimri Colony, Ashok Vihar, Phase-IV,bDelhie110052mbrpc@vsnl.com axx,96p.c24cm(Hb)bill. aMadireddi V. Subba Rao aB.N. Rao 2ddccENh597.9168095485mRAO 001040708NFICaLbLd2019-06-21eDBAD/PUBg750.00l0o597.9168095485 RAOpEN-109226r2019-06-21 00:00:00t1v750.00yEN